[Event "TCh-TUR Super League 2023"]
[Site "Ankara TUR"]
[Date "2023.07.19"]
[Round "10.6"]
[Board "5"]
[White "Ozturk Orenli, Kubra"]
[Black "Vaishali, Rameshbabu"]
[Result "0-1"]
[WhiteTitle "WGM"]
[BlackTitle "IM"]
[WhiteElo "2319"]
[BlackElo "2431"]
[WhiteTeam "GOKTURK"]
[BlackTeam "TURK HAVA YOLLARI"]
[WhiteFideId "6302599"]
[BlackFideId "5091756"]
[EventDate "2023.07.10"]

1. d4 Nf6 2. c4 c5 3. d5 b5 4. cxb5 a6 5. bxa6 g6 6. Nc3 Bg7 7. Nf3 O-O 8. g3 d6
9. Bg2 Nbd7 10. O-O Nb6 11. Re1 Bxa6 12. e4 Nc4 13. Bf1 Nd7 14. a4 Qb6 15. Ra2
Rfb8 16. Nd2 Nde5 17. Nxc4 Nxc4 18. Bd3 Qa5 19. Bxc4 Bxc4 20. Ra3 Rb4 21. h4
Rab8 22. Qd2 h5 23. Nd1 Qa6 24. Nc3 Bd4 25. Kg2 Rb3 26. Rxb3 Rxb3 27. g4 Qc8 28.
f3 hxg4 29. f4 e6 30. h5 exd5 31. hxg6 dxe4 32. gxf7+ Kxf7 0-1

[Event "TCh-TUR Super League 2023"]
[Site "Ankara TUR"]
[Date "2023.07.19"]
[Round "10.6"]
[Board "6"]
[White "Can, Isik"]
[Black "Kilic, Eray"]
[Result "1-0"]
[WhiteTitle "IM"]
[BlackTitle "FM"]
[WhiteElo "2512"]
[BlackElo "2422"]
[WhiteTeam "TURK HAVA YOLLARI"]
[BlackTeam "GOKTURK"]
[WhiteFideId "6383742"]
[BlackFideId "44517173"]
[EventDate "2023.07.10"]

1. Nf3 d5 2. e3 c5 3. c4 e6 4. cxd5 exd5 5. d4 Nf6 6. Nc3 a6 7. Bd3 Nc6 8. O-O
Be7 9. dxc5 Bxc5 10. b3 O-O 11. Bb2 Bg4 12. h3 Bh5 13. Be2 Ba7 14. Nh4 Ne4 15.
Nxe4 Bxe2 16. Qxe2 Qxh4 17. Nd6 d4 18. exd4 Bxd4 19. Rad1 Qf6 20. Ba3 Rfb8 21.
Qc4 Be5 22. f4 Bxd6 23. Rxd6 Qe7 24. Rfd1 Re8 25. Rd7 Qf6 26. Bb2 Qe6 27. Qxe6
Rxe6 28. Rxb7 Re2 29. Rdd7 Rxb2 30. Rxf7 Re8 31. Rxg7+ Kh8 32. Rxh7+ Kg8 33.
Rhg7+ Kh8 34. Rh7+ Kg8 35. Rbg7+ Kf8 36. Rf7+ Kg8 37. Rfg7+ Kf8 38. Rc7 Kg8 39.
Rhg7+ Kh8 40. Rh7+ Kg8 41. Rhd7 Rc2 42. f5 Nd4 43. Rxc2 Nxc2 44. Kf2 1-0

[Event "TCh-TUR Super League 2023"]
[Site "Ankara TUR"]
[Date "2023.07.20"]
[Round "11.1"]
[Board "2"]
[White "Visakh, N R"]
[Black "Cheparinov, Ivan"]
[Result "0-1"]
[WhiteTitle "GM"]
[BlackTitle "GM"]
[WhiteElo "2536"]
[BlackElo "2663"]
[WhiteTeam "TAS DUVAR"]
[BlackTeam "TURK HAVA YOLLARI"]
[WhiteFideId "25012223"]
[BlackFideId "2905540"]
[EventDate "2023.07.10"]

1. c4 e5 2. Nc3 Nf6 3. Nf3 Nc6 4. e4 Bb4 5. d3 d6 6. a3 Bc5 7. b4 Bb6 8. Be3 Bg4
9. Be2 Bxf3 10. Bxf3 Nd4 11. O-O O-O 12. Rb1 c6 13. Kh1 Re8 14. g3 Nxf3 15. Qxf3
Bxe3 16. fxe3 Qe7 17. Qg2 a5 18. b5 Nd7 19. Rf5 Nc5 20. Rbf1 f6 21. g4 Nxd3 22.
g5 fxg5 23. Rf7 Qe6 24. Qxg5 Qxf7 25. Rxf7 Kxf7 26. Qf5+ Kg8 27. bxc6 bxc6 28.
Qd7 Rf8 29. Qxc6 Kh8 30. Kg1 Rad8 31. Qc7 Nf2 32. Kg2 Rc8 33. Qxd6 Rf6 34. Qe7
Rcf8 35. Nd5 R6f7 36. Qxe5 Nd3 37. Qd6 Rf2+ 38. Kg3 R2f3+ 39. Kh4 Nf2 40. Qe7 h6
41. Qe6 Rh3+ 42. Qxh3 Nxh3 43. Kxh3 Rc8 44. Kg4 Rxc4 45. Kf5 g6+ 46. Kxg6 Rxe4
47. Kf7 h5 48. Kf6 Ra4 49. Nf4 Rxa3 50. e4 Rf3 0-1

[Event "TCh-TUR Super League 2023"]
[Site "Ankara TUR"]
[Date "2023.07.20"]
[Round "11.1"]
[Board "3"]
[White "Can, Isik"]
[Black "Selbes, Tarik"]
[Result "1-0"]
[WhiteTitle "IM"]
[BlackTitle "FM"]
[WhiteElo "2512"]
[BlackElo "2245"]
[WhiteTeam "TURK HAVA YOLLARI"]
[BlackTeam "TAS DUVAR"]
[WhiteFideId "6383742"]
[BlackFideId "6302513"]
[EventDate "2023.07.10"]

1. e4 e5 2. Nf3 Nc6 3. Bb5 g6 4. c3 a6 5. Ba4 d6 6. d4 Bd7 7. Bg5 f6 8. Be3 Nh6
9. dxe5 dxe5 10. c4 Ng4 11. Bd2 Bc5 12. O-O h5 13. h3 g5 14. Nc3 Nxf2 15. Rxf2
g4 16. Nd5 Bxf2+ 17. Kxf2 gxf3 18. Qxf3 f5 19. Bc3 f4 20. Kg1 Rh6 21. Rf1 b5 22.
cxb5 axb5 23. Bxe5 Qg5 24. Bxf4 Nd4 25. Nxc7+ Kf7 26. Bxg5+ Nxf3+ 27. Rxf3+ Kg6
28. Bxh6 Rxa4 29. Be3 1-0

[Event "TCh-TUR Super League 2023"]
[Site "Ankara TUR"]
[Date "2023.07.20"]
[Round "11.1"]
[Board "4"]
[White "Karagollu, Ahmet"]
[Black "Yaramis, Hakan"]
[Result "1-0"]
[WhiteElo "2175"]
[BlackElo "1979"]
[WhiteTeam "TAS DUVAR"]
[BlackTeam "TURK HAVA YOLLARI"]
[WhiteFideId "6307825"]
[BlackFideId "6304613"]
[EventDate "2023.07.10"]

1. e4 c5 2. Nf3 Nc6 3. Bb5 g6 4. O-O Bg7 5. Re1 Nf6 6. Nc3 O-O 7. e5 Ng4 8. Bxc6
dxc6 9. Qe2 Nh6 10. Ne4 b6 11. h3 Nf5 12. d3 Nd4 13. Nxd4 Qxd4 14. Ng5 c4 15.
Nf3 cxd3 16. Nxd4 dxe2 17. Nxc6 Ba6 18. Bf4 Rfe8 19. Nb4 Bc4 20. b3 a5 21. Nc6
Rac8 22. Nd4 f6 23. Nxe2 Bxe2 24. Rxe2 fxe5 25. Be3 b5 26. Rd1 Red8 27. Rxd8+
Rxd8 28. c4 bxc4 29. bxc4 Rc8 30. c5 Kf7 31. Rb2 e4 32. Rb3 Ke6 33. Ra3 Ra8 34.
Ra4 Kd5 35. Bd2 Bd4 36. Rxa5 Rxa5 37. Bxa5 e3 38. fxe3 Bxe3+ 39. Kf1 Bxc5 40.
Ke2 Ke4 41. a4 Kd4 42. Bd2 Kc4 43. a5 Kb5 44. Kd3 e6 45. Ke4 Bd6 46. Bf4 Bb4 47.
Bc7 Bc3 48. g4 Bf6 49. Bb6 h5 50. Bd4 hxg4 51. hxg4 Bd8 52. Bb6 Bf6 53. Bc7 Bc3
54. Bd8 Bb2 55. Kf4 Bc3 56. Bc7 Bf6 57. Be5 g5+ 58. Ke4 Bd8 59. Bc3 Bc7 60. Bd2
Bd6 61. Bxg5 Kxa5 62. Bd8+ Kb5 63. g5 Bf8 64. Ke5 Kc6 65. Kxe6 Bg7 66. Bf6 Bf8
67. Kf7 1-0

[Event "TCh-TUR Super League 2023"]
[Site "Ankara TUR"]
[Date "2023.07.20"]
[Round "11.1"]
[Board "5"]
[White "Vaishali, Rameshbabu"]
[Black "Nurmanova, Alua"]
[Result "1-0"]
[WhiteTitle "IM"]
[BlackTitle "WIM"]
[WhiteElo "2431"]
[BlackElo "2183"]
[WhiteTeam "TURK HAVA YOLLARI"]
[BlackTeam "TAS DUVAR"]
[WhiteFideId "5091756"]
[BlackFideId "13729390"]
[EventDate "2023.07.10"]

1. e4 c5 2. Nf3 d6 3. Nc3 Nf6 4. d4 cxd4 5. Qxd4 Nc6 6. Qe3 g6 7. Bc4 Bg7 8. h3
O-O 9. O-O a6 10. Rd1 Qc7 11. Bb3 Na5 12. Qe2 h6 13. Nd5 Nxd5 14. exd5 Re8 15.
Nd4 Bd7 16. c3 Nxb3 17. axb3 a5 18. Be3 b6 19. Qd2 Kh7 20. h4 h5 21. Nf3 Kg8 22.
Ng5 Qb7 23. Qe2 b5 24. Qf3 Rf8 25. Qe2 Rfe8 26. Rd2 Qc7 27. Bd4 a4 28. bxa4 bxa4
29. Qf3 Bf5 30. Bxg7 Kxg7 31. Ra3 Reb8 32. Qf4 Qd7 33. Qd4+ Kg8 34. Kh2 Qb5 35.
f3 Rc8 36. Qe3 Qb7 37. Qf4 Qb5 38. Qe3 Qb7 39. Qd4 Qb5 40. Qe3 Qb7 41. Rd4 Bc2
42. Qc1 Bb3 43. Qd2 Rc5 44. Ne4 Rc4 45. Rxb3 Qxb3 46. Qh6 Rxd4 47. Ng5 Rxh4+ 48.
Kg3 1-0

[Event "TCh-TUR Super League 2023"]
[Site "Ankara TUR"]
[Date "2023.07.20"]
[Round "11.1"]
[Board "6"]
[White "Tarlabasi, Emirhan"]
[Black "Gurel, Ediz"]
[Result "1/2-1/2"]
[WhiteTitle "FM"]
[BlackTitle "IM"]
[WhiteElo "2301"]
[BlackElo "2500"]
[WhiteTeam "TAS DUVAR"]
[BlackTeam "TURK HAVA YOLLARI"]
[WhiteFideId "6350275"]
[BlackFideId "44507356"]
[EventDate "2023.07.10"]

1. d4 d5 2. c4 c6 3. Nf3 Nf6 4. e3 Bf5 5. Bd3 Bg6 6. O-O e6 7. Qc2 Nbd7 8. Nbd2
Bh5 9. b3 Bd6 10. Bb2 Qb8 11. h3 O-O 12. Rac1 Re8 13. Rfe1 Qc7 14. c5 Bf8 15. b4
Bg6 16. Bxg6 hxg6 17. Bc3 b6 18. Rb1 Reb8 19. Rb3 Qc8 20. Qd3 a5 21. a3 axb4 22.
axb4 Ra2 23. Rc1 Rba8 24. Bb2 b5 25. Ne1 Be7 26. Nc2 R2a4 27. Ra1 Bd8 28. Rba3
Rxa3 29. Rxa3 Bc7 30. Rxa8 Qxa8 31. Qa3 Qxa3 32. Nxa3 Nb8 1/2-1/2

[Event "TCh-TUR Super League 2023"]
[Site "Ankara TUR"]
[Date "2023.07.20"]
[Round "11.2"]
[Board "1"]
[White "Sankalp, Gupta"]
[Black "Sanal, Vahap"]
[Result "0-1"]
[WhiteTitle "GM"]
[BlackTitle "GM"]
[WhiteElo "2497"]
[BlackElo "2585"]
[WhiteTeam "ROTA KOLEJI"]
[BlackTeam "GOKTURK"]
[WhiteFideId "5097010"]
[BlackFideId "6300545"]
[EventDate "2023.07.10"]

1. d4 Nf6 2. Bf4 d6 3. Nc3 Nbd7 4. e4 e5 5. Bg3 c6 6. Nf3 Qa5 7. Qd2 Be7 8. Be2
Nh5 9. O-O-O Nxg3 10. hxg3 Nf6 11. dxe5 dxe5 12. Bc4 h6 13. Kb1 Rf8 14. Nd5 Qxd2
15. Nxf6+ Bxf6 16. Rxd2 Bd7 17. Rhd1 O-O-O 18. c3 Bg4 19. Kc2 Rxd2+ 20. Rxd2 Kc7
21. a4 Bc8 22. Kd1 g6 23. Ke2 Bd7 24. a5 Bg7 25. Nh4 Bf6 26. Nf3 Bg4 27. Ke1 h5
28. Rd3 Bd7 29. Ba2 Kd8 30. b4 Ke7 31. Bb3 Rd8 32. Kd2 Be8 33. Rxd8 Kxd8 34. Kd3
Ke7 35. Bc4 Bd7 36. Bb3 Bg7 37. Nh4 Bh6 38. Nf3 Bg7 39. Nh4 Bc8 40. Bc4 Bh6 41.
Nf3 Kf6 42. Bb3 Bf8 43. Nd2 Bd6 44. Nc4 Bc7 45. Ne3 Bd7 46. Kd2 Kg7 47. Bd1 Kh6
48. Bb3 f5 49. exf5 gxf5 50. Bf7 Kg5 51. Nc4 h4 52. gxh4+ Kxh4 53. Nb2 Kg5 54.
Nd3 Kf6 55. Bb3 Bc8 56. g3 Bd6 57. Ke3 Be7 58. Bd1 Bd8 59. Ba4 Bc7 60. Nc5 Ke7
61. Nd3 Kd6 62. c4 e4 63. c5+ Ke7 64. Nf4 a6 65. Bb3 Kf6 66. Nh5+ Ke5 67. Nf4
Bd7 68. Bd1 Kf6 69. Ne2 Be6 70. Nd4 Be5 71. Bh5 Bd5 72. Be8 Be6 73. Bh5 Bd7 74.
Be2 Be8 75. Bd1 Bf7 76. Be2 Bd5 77. Bh5 Kg5 78. Be8 f4+ 79. gxf4+ Bxf4+ 80. Ke2
Bc4+ 81. Ke1 Be5 82. Ne2 Bb2 83. Bd7 Ba3 84. Bc8 Bxb4+ 85. Kd1 Bxc5 86. Bxb7
Bxf2 87. Bxc6 Kf5 88. Nc3 e3 89. Bf3 Bb3+ 90. Ke2 Bc4+ 91. Kd1 Ke5 92. Be2 Kd4
93. Bxc4 Kxc4 94. Ne4 Kb4 95. Kc2 Kxa5 0-1

[Event "TCh-TUR Super League 2023"]
[Site "Ankara TUR"]
[Date "2023.07.20"]
[Round "11.2"]
[Board "3"]
[White "Yavuz, Efe Metehan"]
[Black "Can, Emre"]
[Result "0-1"]
[WhiteTitle "FM"]
[BlackTitle "GM"]
[WhiteElo "2346"]
[BlackElo "2570"]
[WhiteTeam "ROTA KOLEJI"]
[BlackTeam "GOKTURK"]
[WhiteFideId "34514570"]
[BlackFideId "6302181"]
[EventDate "2023.07.10"]

1. Nf3 d5 2. g3 g6 3. Bg2 Bg7 4. d4 Nf6 5. O-O c6 6. c3 O-O 7. h3 Nbd7 8. Nbd2
c5 9. Re1 b6 10. e4 dxe4 11. Nxe4 Nxe4 12. Rxe4 Bb7 13. Re1 Re8 14. Qb3 cxd4 15.
cxd4 Nf6 16. Bf4 Bd5 17. Qa3 Bf8 18. Qa4 Qd7 19. Qxd7 Nxd7 20. Rac1 Rac8 21. Ne5
Nf6 22. Bf1 Bxa2 23. Bb5 Rxc1 24. Rxc1 Ra8 25. Bc6 Rc8 26. Ra1 Bd5 27. Bxd5 Nxd5
28. Rxa7 f6 29. Nd7 Kf7 30. Rb7 Rc2 31. b4 Rb2 32. Bc7 Rxb4 33. Bxb6 Ke8 34.
Nxf8 Kxf8 35. Rb8+ Kf7 36. Ba7 Rxb8 37. Bxb8 Ke6 38. Ba7 Nb4 39. Bc5 Nc6 40. Kg2
Kd5 41. Ba3 Kxd4 42. Kf3 Kd3 43. h4 h5 44. Bc5 e6 45. Kg2 Ke2 0-1

[Event "TCh-TUR Super League 2023"]
[Site "Ankara TUR"]
[Date "2023.07.20"]
[Round "11.2"]
[Board "4"]
[White "Gokerkan, Cem Kaan"]
[Black "Karaoglan, Doruk"]
[Result "1-0"]
[WhiteTitle "IM"]
[BlackTitle "CM"]
[WhiteElo "2516"]
[BlackElo "2247"]
[WhiteTeam "GOKTURK"]
[BlackTeam "ROTA KOLEJI"]
[WhiteFideId "6336760"]
[BlackFideId "6390927"]
[EventDate "2023.07.10"]

1. e4 c5 2. c3 Nf6 3. e5 Nd5 4. d4 cxd4 5. Nf3 e6 6. cxd4 b6 7. Nc3 Nxc3 8. bxc3
Qc7 9. Bd2 d6 10. Bd3 Bb7 11. O-O Nd7 12. Re1 dxe5 13. Nxe5 Nxe5 14. Rxe5 Bd6
15. Rh5 g6 16. Bb5+ Bc6 17. Qf3 O-O-O 18. Bxc6 gxh5 19. a4 Rhg8 20. a5 Rg7 21.
axb6 Qxb6 22. Be4 f5 23. Bd3 Rdg8 24. Bf1 Qb2 25. Qc6+ Bc7 26. Qxe6+ Kb8 27. Qe1
Qb7 28. Rb1 Bb6 29. Bf4+ Kc8 30. Qe6+ Qd7 31. Qc4+ Kd8 32. Rb5 Ke7 33. Rd5 Qb7
34. Qe2+ 1-0

[Event "TCh-TUR Super League 2023"]
[Site "Ankara TUR"]
[Date "2023.07.20"]
[Round "11.2"]
[Board "5"]
[White "Mammadova, Narmin"]
[Black "Ozturk Orenli, Kubra"]
[Result "1-0"]
[WhiteTitle "WIM"]
[BlackTitle "WGM"]
[WhiteElo "2241"]
[BlackElo "2319"]
[WhiteTeam "ROTA KOLEJI"]
[BlackTeam "GOKTURK"]
[WhiteFideId "13403710"]
[BlackFideId "6302599"]
[EventDate "2023.07.10"]

1. d4 Nf6 2. Nf3 e6 3. g3 b5 4. Bg2 Bb7 5. O-O Be7 6. a4 b4 7. c4 bxc3 8. Nxc3
O-O 9. Qb3 Ba6 10. Ne5 d5 11. Rd1 c5 12. e4 cxd4 13. exd5 Qc7 14. dxe6 Qxe5 15.
Nb5 Ne4 16. Bf4 Nc5 17. Qf3 Qxe6 18. Qxa8 Nbd7 19. Qxa7 Bxb5 20. axb5 Nb3 21.
Re1 Bc5 22. Rxe6 Bxa7 23. Rxa7 1-0

[Event "TCh-TUR Super League 2023"]
[Site "Ankara TUR"]
[Date "2023.07.20"]
[Round "11.2"]
[Board "6"]
[White "Kilic, Eray"]
[Black "Tarhan, Adar"]
[Result "1-0"]
[WhiteTitle "FM"]
[BlackTitle "FM"]
[WhiteElo "2422"]
[BlackElo "2347"]
[WhiteTeam "GOKTURK"]
[BlackTeam "ROTA KOLEJI"]
[WhiteFideId "44517173"]
[BlackFideId "34544712"]
[EventDate "2023.07.10"]

1. e4 e5 2. Nf3 Nc6 3. Bc4 Bc5 4. c3 Nf6 5. d3 d6 6. Bb3 O-O 7. h3 Ne7 8. Nbd2
Ng6 9. O-O c6 10. d4 Bb6 11. Re1 Re8 12. Qc2 d5 13. exd5 exd4 14. Rxe8+ Qxe8 15.
dxc6 dxc3 16. Nc4 Qxc6 17. Nxb6 cxb2 18. Qxb2 axb6 19. Ng5 Nd5 20. Qd4 Nge7 21.
Bb2 Qg6 22. Re1 Qxg5 23. h4 Qf6 24. Qxd5 Be6 25. Qxb7 Qxb2 26. Qxa8+ Bc8 27.
Qxc8+ Nxc8 28. Re8# 1-0

[Event "TCh-TUR Super League 2023"]
[Site "Ankara TUR"]
[Date "2023.07.20"]
[Round "11.3"]
[Board "1"]
[White "Ivic, Velimir"]
[Black "Mendonca, Leon Luke"]
[Result "0-1"]
[WhiteTitle "GM"]
[BlackTitle "GM"]
[WhiteElo "2590"]
[BlackElo "2627"]
[WhiteTeam "BURHANIYE"]
[BlackTeam "BURSA BUYUKSEHIR BELEDIYE SPOR KULUBU"]
[WhiteFideId "950122"]
[BlackFideId "35028561"]
[EventDate "2023.07.10"]

1. e4 c6 2. d4 d5 3. Nd2 dxe4 4. Nxe4 Bf5 5. Ng3 Bg6 6. h4 h6 7. Nf3 Nd7 8. h5
Bh7 9. Bd3 Bxd3 10. Qxd3 e6 11. Bd2 Ngf6 12. O-O-O Be7 13. Ne4 O-O 14. Nxf6+
Nxf6 15. Kb1 Qd5 16. c4 Qe4 17. Be3 Qxd3+ 18. Rxd3 Rfd8 19. Ne5 Rac8 20. Kc2 b5
21. b3 Bd6 22. f4 Rc7 23. Bd2 Rb8 24. c5 Bxe5 25. dxe5 Nd5 26. g4 a5 27. g5 a4
28. b4 Kh8 29. Rg1 Rd7 30. a3 Rbd8 31. Kc1 Rg8 32. f5 exf5 33. gxh6 gxh6 34.
Rxg8+ Kxg8 35. Bxh6 Re7 36. Rxd5 cxd5 37. Kd2 f6 38. exf6 Rh7 39. Bf4 Rxh5 40.
Kd3 Rh4 41. Bd6 Rc4 42. Ke3 Kf7 43. Be7 Ke6 44. Ke2 Rc3 45. Kd2 d4 0-1

[Event "TCh-TUR Super League 2023"]
[Site "Ankara TUR"]
[Date "2023.07.20"]
[Round "11.3"]
[Board "2"]
[White "Erdogmus, Yagiz Kaan"]
[Black "Skoberne, Jure"]
[Result "1/2-1/2"]
[WhiteTitle "IM"]
[BlackTitle "GM"]
[WhiteElo "2483"]
[BlackElo "2536"]
[WhiteTeam "BURSA BUYUKSEHIR BELEDIYE SPOR KULUBU"]
[BlackTeam "BURHANIYE"]
[WhiteFideId "44599790"]
[BlackFideId "14604299"]
[EventDate "2023.07.10"]

1. e4 c5 2. Nf3 Nc6 3. Bb5 e5 4. O-O Bd6 5. c3 a6 6. Bc4 b5 7. Bd5 Nf6 8. d4
cxd4 9. cxd4 Qe7 10. dxe5 Bxe5 11. Nxe5 Qxe5 12. Nc3 O-O 13. f4 Qe7 14. e5 Qc5+
15. Rf2 Nxd5 16. Qxd5 Qa7 17. Qe4 Ne7 18. Be3 Qb7 19. Bc5 Re8 20. Bxe7 Qxe4 21.
Nxe4 Rxe7 22. Nd6 a5 23. Nxb5 f6 24. Nc7 Rb8 25. Nd5 Re6 26. exf6 Bb7 27. Nc3
Rxf6 28. Rd1 Bc6 29. g3 Rf5 30. b3 h6 31. Rfd2 Kh7 32. Nd5 a4 33. Ne7 Ra5 34.
Nxc6 dxc6 35. bxa4 Rxa4 36. Rc1 Rba8 37. Rcc2 Ra3 38. Kg2 R8a4 39. Rxc6 Rxa2 40.
Rd6 Rxd2+ 41. Rxd2 Kg6 42. Kf3 Ra6 43. Kg4 Kf6 44. h4 Ra3 45. h5 Rb3 46. Rf2 Ra3
47. Rf3 Ra5 48. Re3 Rb5 49. Re8 Rb3 50. Re5 Ra3 51. Rb5 Rc3 52. Kh4 Rc4 53. Kg4
Rc3 54. Rb6+ Kf7 55. Rb4 Kf6 56. Kh4 Rc1 57. g4 Rh1+ 58. Kg3 Rg1+ 59. Kf3 Rf1+
60. Kg2 Ra1 61. Rb6+ Kf7 62. Rb3 Kf6 63. Kf3 Rf1+ 64. Ke4 Re1+ 65. Re3 Ra1 66.
Kf3 Rf1+ 67. Kg3 Rg1+ 68. Kh3 Rf1 69. Re4 Rf3+ 70. Kg2 Ra3 71. Re5 Rb3 72. Rd5
Ra3 73. g5+ hxg5 74. Rxg5 Rb3 75. Rg6+ Kf7 76. Rg3 Rb5 77. Rg5 Rb3 78. Rg3 Rb5
79. Rg5 Rb3 1/2-1/2

[Event "TCh-TUR Super League 2023"]
[Site "Ankara TUR"]
[Date "2023.07.20"]
[Round "11.3"]
[Board "3"]
[White "Bicer, Atakan Mert"]
[Black "Haznedaroglu, Kivanc"]
[Result "0-1"]
[WhiteTitle "FM"]
[BlackTitle "GM"]
[WhiteElo "2311"]
[BlackElo "2408"]
[WhiteTeam "BURHANIYE"]
[BlackTeam "BURSA BUYUKSEHIR BELEDIYE SPOR KULUBU"]
[WhiteFideId "34560645"]
[BlackFideId "6300634"]
[EventDate "2023.07.10"]

1. c4 e5 2. g3 Nc6 3. Bg2 Bc5 4. e3 d6 5. Nc3 a6 6. Nge2 h5 7. h4 Ba7 8. a3 Be6
9. b3 Nge7 10. Nd5 Qd7 11. Qc2 Bf5 12. d3 Nxd5 13. cxd5 Ne7 14. Bb2 Rc8 15. e4
Bh7 16. Qd2 O-O 17. Bh3 f5 18. O-O c6 19. d4 cxd5 20. dxe5 d4 21. e6 Qe8 22.
Nxd4 f4 23. gxf4 Qg6+ 24. Bg2 Qh6 25. Ne2 d5 26. Rac1 Qxe6 27. f5 Qf7 28. Qg5
dxe4 29. f6 Rxc1 30. Rxc1 Ng6 31. Bxe4 gxf6 32. Qa5 Ne7 33. Bxh7+ Qxh7 34. Rc7
Qe4 35. Qxh5 Rf7 36. Rc3 Rg7+ 37. Rg3 Nf5 38. Rxg7+ Nxg7 39. Qh6 Qxe2 40. Qxf6
Qd1+ 41. Kg2 Qd5+ 42. Kf1 Ne6 43. Be5 Bc5 44. b4 Qd1+ 45. Kg2 Qg4+ 46. Kf1 Bf8
47. Bg3 Nd4 48. Kg2 Bg7 49. Qd8+ Kh7 50. Qd5 b5 51. Qb7 Qg6 52. Kh2 Qc6 53. Qf7
Qf3 54. Qe7 Qd5 55. Qa7 Nf3+ 56. Kh3 Qe6+ 57. Kg2 Ne1+ 58. Kh2 Nc2 0-1

[Event "TCh-TUR Super League 2023"]
[Site "Ankara TUR"]
[Date "2023.07.20"]
[Round "11.3"]
[Board "4"]
[White "Eren, Ataberk"]
[Black "Altun, Arda"]
[Result "1-0"]
[WhiteTitle "FM"]
[BlackTitle "FM"]
[WhiteElo "2324"]
[BlackElo "2218"]
[WhiteTeam "BURSA BUYUKSEHIR BELEDIYE SPOR KULUBU"]
[BlackTeam "BURHANIYE"]
[WhiteFideId "6349765"]
[BlackFideId "34511580"]
[EventDate "2023.07.10"]

1. e4 c6 2. d4 d5 3. e5 Bf5 4. Nf3 e6 5. Be2 c5 6. O-O Nc6 7. c3 Bg6 8. Nbd2
cxd4 9. cxd4 Nh6 10. Nb3 Nf5 11. Bd2 h5 12. Rc1 Qb6 13. a4 a5 14. Bb5 Be7 15.
Nc5 Nxd4 16. Nxd4 Bxc5 17. Rxc5 Qxc5 18. Be3 Qb4 19. Nxc6 bxc6 20. Bxc6+ Ke7 21.
Qc1 d4 22. Bg5+ f6 23. Bxa8 Kf7 24. exf6 gxf6 25. Bd2 Qb6 26. Bf3 1-0

[Event "TCh-TUR Super League 2023"]
[Site "Ankara TUR"]
[Date "2023.07.20"]
[Round "11.3"]
[Board "5"]
[White "Yakubbaeva, Nilufar"]
[Black "Aydin, Gulenay"]
[Result "1-0"]
[WhiteTitle "WGM"]
[BlackTitle "WFM"]
[WhiteElo "2311"]
[BlackElo "2145"]
[WhiteTeam "BURHANIYE"]
[BlackTeam "BURSA BUYUKSEHIR BELEDIYE SPOR KULUBU"]
[WhiteFideId "14204487"]
[BlackFideId "34557431"]
[EventDate "2023.07.10"]

1. d4 Nf6 2. c4 g6 3. Nc3 Bg7 4. e4 d6 5. Be2 O-O 6. h4 c5 7. d5 b5 8. cxb5 a6
9. bxa6 Bxa6 10. Nf3 Qc8 11. O-O Qg4 12. e5 dxe5 13. Nxe5 Qxh4 14. Re1 Rd8 15.
Bf3 Nfd7 16. Nxf7 Kxf7 17. Re4 Qf6 18. Rf4 Ne5 19. Ne4 Qxf4 20. Bxf4 Bb7 21.
Ng5+ Kg8 22. Bxe5 Bxe5 23. d6 1-0

[Event "TCh-TUR Super League 2023"]
[Site "Ankara TUR"]
[Date "2023.07.20"]
[Round "11.3"]
[Board "6"]
[White "Babazada, Khazar"]
[Black "Celik, Hasan Huseyin"]
[Result "1/2-1/2"]
[WhiteTitle "IM"]
[BlackTitle "FM"]
[WhiteElo "2460"]
[BlackElo "2405"]
[WhiteTeam "BURSA BUYUKSEHIR BELEDIYE SPOR KULUBU"]
[BlackTeam "BURHANIYE"]
[WhiteFideId "13413554"]
[BlackFideId "44506759"]
[EventDate "2023.07.10"]

1. e4 e6 2. d4 d5 3. Nc3 Bb4 4. e5 c5 5. Bd2 Ne7 6. Nb5 Bxd2+ 7. Qxd2 O-O 8. f4
cxd4 9. Nf3 Nec6 10. Bd3 f6 11. exf6 Rxf6 12. O-O Qb6 13. Kh1 Bd7 14. Nbxd4 Nxd4
15. Nxd4 Nc6 16. Nf3 Raf8 17. c4 h6 18. cxd5 exd5 19. Bc2 Qa5 20. Qxa5 Nxa5 21.
Ne5 Bb5 22. Rfd1 Rxf4 23. Ng6 Rf1+ 24. Rxf1 Rxf1+ 25. Rxf1 Bxf1 26. Ne7+ Kf7 27.
Nxd5 Bc4 28. Nc3 Nc6 29. b3 Be6 30. Bd1 Ke7 1/2-1/2

[Event "TCh-TUR Super League 2023"]
[Site "Ankara TUR"]
[Date "2023.07.20"]
[Round "11.4"]
[Board "1"]
[White "Volokitin, Andrei"]
[Black "Abasov, Nijat"]
[Result "1/2-1/2"]
[WhiteTitle "GM"]
[BlackTitle "GM"]
[WhiteElo "2674"]
[BlackElo "2632"]
[WhiteTeam "DENIZ SU SATRANC GENCLIK VE"]
[BlackTeam "DARUSSAFAKA"]
[WhiteFideId "14107090"]
[BlackFideId "13402960"]
[EventDate "2023.07.10"]

1. e4 e5 2. Nf3 Nc6 3. Bc4 Nf6 4. d3 Bc5 5. O-O d6 6. c3 O-O 7. h3 a5 8. Re1 h6
9. Nbd2 a4 10. Bb5 Bd7 11. Nf1 Ne7 12. Bxd7 Nxd7 13. d4 Bb6 14. Ng3 f5 15. exf5
Nxf5 16. Nxf5 Rxf5 17. Be3 e4 18. Nd2 d5 19. Qg4 Rf6 20. f3 exf3 21. Nxf3 c6 22.
Nh4 Kh7 23. Bf4 Qf8 24. Qxd7 Rxf4 25. Rf1 Qe8 26. Qxe8 Rxf1+ 27. Kxf1 Rxe8 28.
Re1 Rxe1+ 29. Kxe1 g6 30. Ke2 Kg7 1/2-1/2

[Event "TCh-TUR Super League 2023"]
[Site "Ankara TUR"]
[Date "2023.07.20"]
[Round "11.4"]
[Board "3"]
[White "Citak, Selim"]
[Black "Erturan, Yakup"]
[Result "1/2-1/2"]
[WhiteTitle "FM"]
[BlackTitle "IM"]
[WhiteElo "2327"]
[BlackElo "2363"]
[WhiteTeam "DENIZ SU SATRANC GENCLIK VE"]
[BlackTeam "DARUSSAFAKA"]
[WhiteFideId "6301819"]
[BlackFideId "6301410"]
[EventDate "2023.07.10"]

1. d4 d5 2. c4 c6 3. cxd5 cxd5 4. Nc3 Nf6 5. Nf3 Nc6 6. Bf4 Bf5 7. e3 e6 8. Bd3
Bxd3 9. Qxd3 Bd6 10. Bxd6 Qxd6 11. O-O O-O 12. Rfc1 Rfc8 13. h3 h6 14. Nd2 Nd7
15. Nb5 Qb8 16. Nc3 Qd6 17. Nb5 Qb8 18. Nc3 Qd6 19. Nb5 Qb8 1/2-1/2